<?xml version="1.0" encoding="UTF-8"?>
<record
    xmlns:xsi="http://www.w3.org/2001/XMLSchema-instance"
    xsi:schemaLocation="http://www.loc.gov/MARC21/slim http://www.loc.gov/standards/marcxml/schema/MARC21slim.xsd"
    xmlns="http://www.loc.gov/MARC21/slim">

  <leader>01247nam a22002897a 4500</leader>
  <controlfield tag="005">20090603162115.0</controlfield>
  <controlfield tag="008">090212t        xxu||||| |||| 00| 0 eng d</controlfield>
  <datafield tag="010" ind1=" " ind2=" ">
    <subfield code="a">TEL-5140</subfield>
  </datafield>
  <datafield tag="020" ind1=" " ind2=" ">
    <subfield code="c">95.00</subfield>
  </datafield>
  <datafield tag="035" ind1=" " ind2=" ">
    <subfield code="a">TL-4146</subfield>
  </datafield>
  <datafield tag="037" ind1=" " ind2=" ">
    <subfield code="b">DBAD / PUB</subfield>
  </datafield>
  <datafield tag="040" ind1=" " ind2=" ">
    <subfield code="a">dpl</subfield>
    <subfield code="b">Telugu</subfield>
  </datafield>
  <datafield tag="082" ind1=" " ind2=" ">
    <subfield code="a">613.707</subfield>
  </datafield>
  <datafield tag="100" ind1=" " ind2=" ">
    <subfield code="a">&#xC35;&#xC3F;&#xC1C;&#xC2F; &#xC30;&#xC3E;&#xC35;&#xC41;, &#xC15;&#xC46;.</subfield>
  </datafield>
  <datafield tag="245" ind1=" " ind2=" ">
    <subfield code="a">&#xC06;&#xC30;&#xC4B;&#xC17;&#xC4D;&#xC2F; &#xC2E;&#xC30;&#xC3F;&#xC2F;&#xC41; &#xC35;&#xC4D;&#xC2F;&#xC3E;&#xC2F;&#xC3E;&#xC2E; &#xC35;&#xC3F;&#xC26;&#xC4D;&#xC2F; /</subfield>
    <subfield code="c">&#xC15;&#xC46;. &#xC35;&#xC3F;&#xC1C;&#xC2F; &#xC30;&#xC3E;&#xC35;&#xC41;</subfield>
  </datafield>
  <datafield tag="246" ind1=" " ind2=" ">
    <subfield code="a">Health and physical education</subfield>
    <subfield code="b">K.Vijaya Rao</subfield>
  </datafield>
  <datafield tag="260" ind1=" " ind2=" ">
    <subfield code="a">&#xC39;&#xC48;&#xC26;&#xC30;&#xC3E;&#xC2C;&#xC3E;&#xC26;&#xC4D;</subfield>
    <subfield code="b">&#xC28;&#xC40;&#xC32;&#xC4D; &#xC15;&#xC2E;&#xC32;&#xC4D;  &#xC2A;&#xC2C;&#xC4D;&#xC32;&#xC3F;&#xC15;&#xC47;&#xC37;&#xC28;&#xC4D;&#xC38;&#xC4D;</subfield>
    <subfield code="c">2009</subfield>
  </datafield>
  <datafield tag="270" ind1=" " ind2=" ">
    <subfield code="a">&#xC38;&#xC41;&#xC32;&#xC4D;&#xC24;&#xC28;&#xC4D; &#xC2C;&#xC1C;&#xC3E;&#xC30;&#xC4D;</subfield>
    <subfield code="b">&#xC39;&#xC48;&#xC26;&#xC30;&#xC3E;&#xC2C;&#xC3E;&#xC26;&#xC4D;</subfield>
    <subfield code="e">500 095</subfield>
  </datafield>
  <datafield tag="300" ind1=" " ind2=" ">
    <subfield code="a">120 &#xC2A;&#xC47;.</subfield>
    <subfield code="c">23 &#xC38;&#xC46;.&#xC2E;&#xC40;.</subfield>
  </datafield>
  <datafield tag="520" ind1=" " ind2=" ">
    <subfield code="a">On landmarks in 20th century Telugu literature</subfield>
  </datafield>
  <datafield tag="650" ind1=" " ind2=" ">
    <subfield code="y"> </subfield>
    <subfield code="a">&#xC35;&#xC4D;&#xC2F;&#xC3E;&#xC2F;&#xC3E;&#xC2E; &#xC35;&#xC3F;&#xC26;&#xC4D;&#xC2F;</subfield>
  </datafield>
  <datafield tag="650" ind1=" " ind2=" ">
    <subfield code="y"> </subfield>
    <subfield code="a">Physical education </subfield>
  </datafield>
  <datafield tag="650" ind1=" " ind2=" ">
    <subfield code="y"> </subfield>
    <subfield code="a">&#xC06;&#xC30;&#xC4B;&#xC17;&#xC4D;&#xC2F; &#xC35;&#xC3F;&#xC26;&#xC4D;&#xC2F; </subfield>
  </datafield>
  <datafield tag="650" ind1=" " ind2=" ">
    <subfield code="y"> </subfield>
    <subfield code="a">Health education  </subfield>
  </datafield>
  <datafield tag="942" ind1=" " ind2=" ">
    <subfield code="2">ddc</subfield>
    <subfield code="c">TL</subfield>
    <subfield code="h">613.707</subfield>
    <subfield code="m">VIJ</subfield>
  </datafield>
  <datafield tag="999" ind1=" " ind2=" ">
    <subfield code="c">27200</subfield>
    <subfield code="d">27200</subfield>
  </datafield>
  <datafield tag="952" ind1=" " ind2=" ">
    <subfield code="0">0</subfield>
    <subfield code="1">0</subfield>
    <subfield code="2">ddc</subfield>
    <subfield code="4">0</subfield>
    <subfield code="7">0</subfield>
    <subfield code="8">NFIC</subfield>
    <subfield code="a">DBAD</subfield>
    <subfield code="b">DBAD</subfield>
    <subfield code="d">2009-06-03</subfield>
    <subfield code="g">95.00</subfield>
    <subfield code="l">0</subfield>
    <subfield code="o">613.707 VIJ</subfield>
    <subfield code="p">TL_4146</subfield>
    <subfield code="r">2009-06-03 00:00:00</subfield>
    <subfield code="v">95.00</subfield>
    <subfield code="w">2009-06-03</subfield>
    <subfield code="y">TL</subfield>
  </datafield>
</record>
